000 00623nam a2200193 4500
001 116668
003 ES-MaACL
005 20250716063257.0
007 t|
008 061121s1912 fr r ||||1| fre d
100 1 _aPascal, Blaise,
_d1623-1662
_989307
245 1 0 _aPensées et Opuscules /
_cBlaise Pascal ; publiés avec une introduction, des notices , des notes par M. Laón Brunschvig.
250 _a6è éd. rev.
260 _aParis :
_bHachette,
_c1912.
300 _aIX, 807 p. ;
_c15 cm.
700 1 _aBrunschvicg, Léon,
_d1853-1904
_932207
852 _aES-MaACL
_jG-346
999 _c116668
_d116668